000 00434nam a2200157Ia 4500
008 210716s2003 xx 000 0 und d
020 _a8178081474
041 _aeng
082 _a005.30287 KITE
100 _aKit, Edward.
245 _aSoftware testing in the real world: improving process.
_bImproving process.
250 _a1
260 _aNew Delhi
_bPearson Education
_c2003
300 _axiv,252
650 _aSoftware Testing
999 _c186052
_d186052